[Event "Open Loire 2011-2012"]
[Site "LOIRE"]
[Date "2011.12.03"]
[Round "4.1"]
[White "Liogier, Pascal"]
[Black "Carteron, Olivier"]
[Result "0-1"]
[WhiteElo "1580"]
[BlackElo "1600"]
[Annotator "DEVILLE"]
[PlyCount "116"]
[EventDate "2011.??.??"]

1. b4 c6 2. Bb2 a5 3. a3 d5 4. e3 Bf5 5. Nf3 e6 6. Be2 axb4 7. axb4 Rxa1 8.
Bxa1 Nf6 9. b5 Be7 10. bxc6 bxc6 11. Nh4 Bg6 12. O-O O-O 13. Be5 Nbd7 14. f4
Nxe5 15. fxe5 Nd7 16. Nxg6 hxg6 17. d4 f6 18. Bg4 f5 19. Bh3 Bg5 20. Rf3 Bh6
21. Nc3 g5 22. g4 g6 23. Qd3 Bg7 24. Qa6 Qc8 25. Qxc8 Rxc8 26. Na2 c5 27. c3
Ra8 28. Rf2 Rb8 29. Kg2 Rb1 30. gxf5 gxf5 31. Bxf5 exf5 32. e6 Nf6 33. Rxf5
Rb2+ 34. Rf2 Rb6 35. Rf5 Rxe6 36. Rxg5 cxd4 37. cxd4 Rxe3 38. Re5 Rd3 39. Nb4
Rxd4 40. Nc6 Rd2+ 41. Kg1 Kf8 42. h3 d4 43. Kf1 Nd7 44. Rf5+ Nf6 45. Rf2 Rxf2+
46. Kxf2 Nd5 47. Ke2 Nf4+ 48. Kd2 Kf7 49. h4 Ke6 50. h5 Nxh5 51. Kd3 Kd5 52.
Ne7+ Kc5 53. Nf5 Nf4+ 54. Ke4 d3 55. Kxf4 Bd4 56. Kf3 Kc4 57. Nxd4 Kxd4 58. Kf2
Kc3 0-1

[Event "Open Loire 2011-2012"]
[Site "LOIRE"]
[Date "2011.12.03"]
[Round "4.2"]
[White "Libiszewski, Christian"]
[Black "Buisson, Sebastien"]
[Result "1-0"]
[WhiteElo "1570"]
[BlackElo "1520"]
[PlyCount "73"]
[EventDate "2011.??.??"]

1. e4 c5 2. d4 cxd4 3. c3 dxc3 4. Nxc3 Nc6 5. Nf3 g6 6. Bc4 Bg7 7. O-O d6 8.
Qe2 Nf6 9. Rd1 Qa5 10. Bd2 Qb6 11. Be3 Qa5 12. Bd2 Qb6 13. e5 dxe5 14. Nxe5
Nxe5 15. Qxe5 O-O 16. b3 Ng4 17. Qg3 Bd4 18. Rf1 Rd8 19. Be1 Be5 20. Qf3 Bxh2+
21. Kh1 Bf5 22. Nd5 Qc5 23. Bb4 Qd4 24. Nxe7+ Kg7 25. Bc3 Qxc3 26. Qxc3+ Be5
27. Nxf5+ gxf5 28. Qb4 Nxf2+ 29. Kg1 Bd4 30. Rxf2 Bxa1 31. Rxf5 Rd1+ 32. Kh2
Rd7 33. Qe1 Bd4 34. Qg3+ Kf8 35. Qf3 Ke8 36. Rxf7 Kd8 37. Rf8+ 1-0

[Event "Open Loire 2011-2012"]
[Site "LOIRE"]
[Date "2011.12.03"]
[Round "4.3"]
[White "Mazet, Christian"]
[Black "Buisine, Roman"]
[Result "0-1"]
[WhiteElo "1630"]
[BlackElo "1693"]
[PlyCount "79"]
[EventDate "2011.??.??"]

1. d4 Nf6 2. c4 e6 3. Nf3 d5 4. Bg5 c5 5. cxd5 exd5 6. dxc5 Bxc5 7. Qc2 Bb4+ 8.
Nbd2 Nc6 9. e3 Be6 10. Bb5 Rc8 11. Nd4 O-O 12. Nxc6 bxc6 13. Bd3 h6 14. Bxf6
Qxf6 15. O-O Bd6 16. f4 c5 17. Nf3 c4 18. Be2 Bc5 19. Qd2 Qxf4 20. Nd4 Qe5 21.
Bf3 Rfe8 22. Rae1 Qd6 23. a3 Rb8 24. Re2 Bxd4 25. Qxd4 a6 26. e4 Red8 27. Rd1
Rbc8 28. e5 Qc5 29. Qxc5 Rxc5 30. Red2 Rd7 31. Kf2 Kf8 32. Rd4 Ke8 33. h3 Kd8
34. g4 Kc7 35. Rc1 Rb5 36. Rc2 Kb6 37. Kg1 Kc5 38. Rcd2 Rb3 39. Be2 Rxb2 40.
Rxc4+ 0-1

[Event "Open Loire 2011-2012"]
[Site "LOIRE"]
[Date "2011.12.03"]
[Round "4.4"]
[White "Trottet, Francois"]
[Black "Schlick, Paul"]
[Result "0-1"]
[WhiteElo "1440"]
[BlackElo "1620"]
[PlyCount "104"]
[EventDate "2011.??.??"]

1. e4 e5 2. Nf3 Nc6 3. Bb5 Nd4 4. Nxd4 exd4 5. d3 Bd6 6. Nd2 Nf6 7. Nf3 Bc5 8.
O-O O-O 9. Bg5 d6 10. e5 dxe5 11. Nxe5 h6 12. Bxf6 Qxf6 13. Nd7 Bxd7 14. Bxd7
Qd8 15. Bf5 Re8 16. Qf3 c6 17. Qg4 Qd6 18. Be4 Re5 19. h4 Bb6 20. f4 Re7 21. a3
Bc7 22. Qf5 g6 23. Qh3 Qc5 24. Rf2 f5 25. Bf3 Bxf4 26. Bd5+ Qxd5 27. Rxf4 Re3
28. Qh2 Rae8 29. Rf2 Qe6 $11 30. Qf4 Re1+ 31. Rxe1 Qxe1+ 32. Kh2 Qe3 33. Qg3
Qxg3+ 34. Kxg3 Re3+ 35. Kf4 Kf7 36. g4 Ke6 37. gxf5+ gxf5 38. Rg2 Kf6 39. h5
Re6 40. Rg8 b6 41. Rf8+ Ke7 42. Rxf5 Rf6 43. Ke5 Rxf5+ 44. Kxf5 Kf7 45. c4 dxc3
46. bxc3 b5 47. d4 a6 48. Ke5 Ke7 49. d5 cxd5 50. Kxd5 Kf6 51. Kc5 Kg5 52. Kb6
Kxh5 0-1

[Event "Open Loire 2011-2012"]
[Site "LOIRE"]
[Date "2011.12.03"]
[Round "4.5"]
[White "Moleins, Jean-Pierre"]
[Black "Rogues, Jean-Luc"]
[Result "1-0"]
[WhiteElo "1570"]
[BlackElo "1430"]
[PlyCount "75"]
[EventDate "2011.??.??"]

1. d4 d5 2. Nf3 Bf5 3. Nh4 Qd7 4. e3 Nf6 5. Nc3 a6 6. Nxf5 Qxf5 7. Bd3 Ne4 8.
O-O Nxc3 9. bxc3 Qf6 10. Qg4 Nd7 11. e4 dxe4 12. Bxe4 c6 13. Bg5 Qd6 14. Bf4 e5
15. dxe5 Nxe5 16. Qh5 Be7 17. Bxe5 Qc5 18. Bf3 Bf6 19. Rae1 O-O 20. Bxf6 Qxh5
21. Bxh5 gxf6 22. Re7 b5 23. Rc7 Rac8 24. Ra7 Ra8 25. Rxa8 Rxa8 26. Re1 Kf8 27.
Bf3 Rc8 28. Be4 h6 29. Bf5 Rc7 30. g4 c5 31. Re3 a5 32. Rf3 Kg7 33. h4 b4 34.
cxb4 cxb4 35. Bd3 Rc3 36. Kg2 Ra3 37. Be4 Rxf3 38. Kxf3 1-0

[Event "Open Loire 2011-2012"]
[Site "LOIRE"]
[Date "2011.12.03"]
[Round "4.6"]
[White "Benakila, Samir"]
[Black "Desassis, Jean-Francois"]
[Result "1-0"]
[WhiteElo "1440"]
[BlackElo "1550"]
[PlyCount "53"]
[EventDate "2011.??.??"]

1. e4 c5 2. Nc3 d6 3. Bc4 Nc6 4. f4 e5 5. fxe5 Nxe5 6. Bb5+ Bd7 7. Bxd7+ Qxd7
8. Nf3 Nxf3+ 9. Qxf3 Be7 10. O-O Bf6 11. Nd5 O-O-O 12. Qa3 Kb8 13. d3 Bd4+ 14.
Be3 Bxe3+ 15. Nxe3 Nf6 16. Qb3 Qe6 17. Qxe6 fxe6 18. Rf2 Rhf8 19. Raf1 Nd7 20.
Rf7 Rg8 21. Re7 Nf8 22. Rff7 g6 23. Rxb7+ Ka8 24. Rxa7+ Kb8 25. Rfb7+ Kc8 26.
Nc4 Nd7 27. Nxd6# 1-0

[Event "Open Loire 2011-2012"]
[Site "LOIRE"]
[Date "2011.12.03"]
[Round "4.7"]
[White "Pradel, Philippe"]
[Black "Jandeau, Cyril"]
[Result "0-1"]
[WhiteElo "1499"]
[BlackElo "1440"]
[PlyCount "62"]
[EventDate "2011.??.??"]

1. d4 f5 2. c4 e6 3. Nc3 Nf6 4. Nf3 c6 5. e3 Be7 6. Bd3 O-O 7. O-O d5 8. b3
Nbd7 9. Bb2 Ne4 10. Ne2 Ndf6 11. Ne5 Bd6 12. Nf4 Qe8 13. Rc1 Bxe5 14. dxe5 Ng4
15. Bxe4 dxe4 16. h3 Nh6 17. Qc2 g5 18. Ne2 g4 19. Nf4 gxh3 20. Nxh3 Qh5 21.
Rcd1 b6 22. Rd6 c5 23. f3 Nf7 24. Nf4 Qh6 25. Rfd1 Bb7 26. Qf2 exf3 27. Qg3+
Kh8 28. gxf3 Rg8 29. Qxg8+ Rxg8+ 30. Ng2 Qxe3+ 31. Kh2 Qe2 0-1

[Event "Open Loire 2011-2012"]
[Site "LOIRE"]
[Date "2011.12.03"]
[Round "4.8"]
[White "Mialon, Franck"]
[Black "Sueur, Raphael"]
[Result "0-1"]
[WhiteElo "1320"]
[BlackElo "1499"]
[PlyCount "76"]
[EventDate "2011.??.??"]

1. e4 c5 2. d4 cxd4 3. c3 dxc3 4. Nxc3 Nc6 5. Bc4 Nf6 6. Bg5 e6 7. Bb5 Bb4 8.
Bxc6 bxc6 9. e5 Bxc3+ 10. bxc3 Qa5 11. Qd4 Nd5 12. Ne2 Ba6 13. Bd2 Bxe2 14.
Kxe2 Qb6 15. Qg4 g6 16. Rhb1 Qc7 17. f4 O-O 18. c4 Ne7 19. Bc3 Qc8 20. h4 Qa6
21. Kd2 h5 22. Qg5 Nf5 23. g4 Ng7 24. gxh5 Nxh5 25. Rg1 Rfd8 26. Qxh5 d6 27.
Rxg6+ fxg6 28. Qxg6+ Kf8 29. Qh6+ Kg8 30. Rg1+ Kf7 31. Qg7+ Ke8 32. Rg6 dxe5+
33. Kc2 Qa4+ 34. Kc1 Qd1+ 35. Kb2 Rab8+ 36. Ka3 Qc1+ 37. Ka4 Qc2+ 38. Ka5 Qxa2#
0-1

[Event "Open Loire 2011-2012"]
[Site "LOIRE"]
[Date "2011.12.03"]
[Round "4.9"]
[White "Rasle, Corentin"]
[Black "Richard, Nicolas"]
[Result "1-0"]
[WhiteElo "1400"]
[BlackElo "1450"]
[PlyCount "37"]
[EventDate "2011.??.??"]

1. d4 d5 2. c4 dxc4 3. e3 Nf6 4. Bxc4 Bf5 5. Nc3 e6 6. Nf3 Bd6 7. O-O O-O 8.
Qb3 b6 9. d5 c5 10. dxe6 Bxe6 11. Bxe6 fxe6 12. Qxe6+ Kh8 13. Rd1 Ne8 14. e4
Qe7 15. Qd5 Nd7 16. Qxa8 Nc7 17. Qxa7 Ra8 18. Qb7 Rb8 19. Qc6 1-0

[Event "Open Loire 2011-2012"]
[Site "LOIRE"]
[Date "2011.12.03"]
[Round "4.10"]
[White "Doran, Niall"]
[Black "Allabrune, Guillaume"]
[Result "1-0"]
[WhiteElo "1611"]
[BlackElo "1520"]
[PlyCount "25"]
[EventDate "2011.??.??"]

1. e4 e5 2. Nf3 Nc6 3. Bb5 Bc5 4. d3 h6 5. O-O Nge7 6. Nxe5 Nxe5 7. d4 Bxd4 8.
Qxd4 N7c6 9. Bxc6 Nxc6 10. Qxg7 Rf8 11. Bxh6 Qe7 12. Nc3 d6 13. Nd5 1-0

[Event "Open Loire 2011-2012"]
[Site "LOIRE"]
[Date "2011.12.03"]
[Round "4.11"]
[White "Martin, Julien"]
[Black "Rasle, Jean-Michel"]
[Result "0-1"]
[WhiteElo "1490"]
[BlackElo "1650"]
[PlyCount "72"]
[EventDate "2011.??.??"]

1. e4 e6 2. Nf3 d5 3. exd5 exd5 4. d4 Bd6 5. Nc3 Nf6 6. Bd3 Bg4 7. O-O O-O 8.
Be2 Bxf3 9. Bxf3 c6 10. Ne2 Qc7 11. g3 Nbd7 12. Bf4 Rfe8 13. Bxd6 Qxd6 14. Qd3
Re7 15. c4 dxc4 16. Qxc4 Nb6 17. Qd3 Nbd5 18. Bxd5 Nxd5 19. Nc3 Rae8 20. Nxd5
Qxd5 21. b3 Re4 22. Rad1 Rd8 23. Rde1 Rxd4 24. Qe3 g6 25. Qe7 Qd7 26. Qf6 Qd6
27. Qg5 Rd7 28. Qh6 Rd8 29. Re2 Rd1 30. Rfe1 Rxe1+ 31. Rxe1 b5 32. Qc1 b4 33.
Qb2 c5 34. h4 a5 35. Kg2 Qd2 36. Qe5 Qd5+ 0-1

[Event "Open Loire 2011-2012"]
[Site "LOIRE"]
[Date "2011.12.03"]
[Round "4.12"]
[White "Megnot, Philippe"]
[Black "Choquelle, Jean"]
[Result "0-1"]
[WhiteElo "1500"]
[BlackElo "1090"]
[PlyCount "84"]
[EventDate "2011.??.??"]

1. e4 e5 2. Nf3 d6 3. Bc4 h6 4. d3 Nf6 5. h3 a6 6. Be3 Qd7 7. Nc3 b5 8. Bb3 Nc6
9. a3 Bb7 10. O-O g5 11. Nh2 Rg8 12. Nd5 Bg7 13. Nxf6+ Bxf6 14. Ng4 Rg6 15. c3
O-O-O 16. c4 Rh8 17. cxb5 Nd4 18. Bxd4 exd4 19. bxa6 Bxa6 20. Qf3 Be5 21. Nxe5
dxe5 22. Rac1 Rf8 23. Rc5 Qe7 24. Rfc1 Qd8 25. Rxc7+ Kb8 26. Rxf7 Re8 27. Bd5
Rb6 28. b4 Qd6 29. Bc4 Rc8 30. Qd1 Qc6 31. Qb3 g4 32. hxg4 Qg6 33. Rf3 Qxg4 34.
Rg3 Qd7 35. Rg8 Re8 36. Rxe8+ Qxe8 37. a4 Qe7 38. b5 Bc8 39. a5 Rg6 40. Bd5 Qg5
41. g3 Qxc1+ 42. Kg2 Qg5 0-1

[Event "Open Loire 2011-2012"]
[Site "LOIRE"]
[Date "2011.12.03"]
[Round "4.13"]
[White "Volay, Pascal"]
[Black "Fournier, Remy"]
[Result "1-0"]
[WhiteElo "1460"]
[BlackElo "1499"]
[PlyCount "77"]
[EventDate "2011.??.??"]

1. e4 c6 2. d4 d5 3. Nc3 dxe4 4. Nxe4 Nd7 5. Be2 Ngf6 6. Nxf6+ Nxf6 7. Nf3 e6
8. O-O c5 9. dxc5 Be7 10. Qxd8+ Bxd8 11. Bb5+ Bd7 12. Bxd7+ Nxd7 13. Be3 O-O
14. b4 Bc7 15. Rfd1 Rad8 16. Rd2 Ne5 17. Rad1 h6 18. Rxd8 Bxd8 19. Nxe5 Bc7 20.
Bf4 f6 21. Nd3 e5 22. Be3 b6 23. f3 f5 24. g3 g6 25. Nf2 Re8 26. Rd7 Bb8 27.
cxb6 axb6 28. Bxh6 e4 29. fxe4 fxe4 30. Be3 Rc8 31. Rd2 Rc3 32. Nd1 Ra3 33.
Rd8+ Kg7 34. Rxb8 Rxa2 35. Rb7+ Kf6 36. Rxb6+ Kf5 37. Rb5+ Kf6 38. Rc5 Ra1 39.
Bd4+ 1-0

[Event "Open Loire 2011-2012"]
[Site "LOIRE"]
[Date "2011.12.03"]
[Round "4.14"]
[White "Acikgoz, Tuncay"]
[Black "Schuhmann, Alain"]
[Result "0-1"]
[WhiteElo "1199"]
[BlackElo "1499"]
[PlyCount "56"]
[EventDate "2011.??.??"]

1. e4 c5 2. Nf3 Nc6 3. Bc4 e6 4. O-O Be7 5. Nc3 d6 6. d3 Nf6 7. Bf4 e5 8. Bg5
O-O 9. Nd5 Nxd5 10. exd5 Bxg5 11. dxc6 bxc6 12. c3 Be6 13. Qa4 Bd5 14. d4 Bxf3
15. gxf3 d5 16. Bd3 Bf4 17. dxe5 Qg5+ 18. Kh1 Qh4 19. Qxf4 Qxf4 20. Rfe1 Qxf3+
21. Kg1 Qxd3 22. e6 Qg6+ 23. Kh1 fxe6 24. Rg1 Qe4+ 25. Rg2 Rxf2 26. Rag1 Raf8
27. h3 Rxg2 28. Rxg2 Rf2 0-1

[Event "Open Loire 2011-2012"]
[Site "LOIRE"]
[Date "2011.12.03"]
[Round "4.15"]
[White "Ben Habchi, Nordine"]
[Black "Brachet, Gerard"]
[Result "1-0"]
[WhiteElo "1490"]
[BlackElo "1350"]
[PlyCount "116"]
[EventDate "2011.??.??"]

1. e4 e5 2. f4 exf4 3. Nf3 g6 4. Bc4 Bg7 5. d4 d6 6. Bxf4 Bg4 7. O-O Nc6 8. c3
Nf6 9. Nbd2 O-O 10. Qb3 Bxf3 11. Rxf3 b6 12. Bd3 Qd7 13. Raf1 Rae8 14. Re1 d5
15. e5 Nh5 16. Bg3 Nxg3 17. Rxg3 f6 18. Nf3 fxe5 19. dxe5 Bxe5 20. Nxe5 Rxe5
21. Rxe5 Nxe5 22. Ba6 c5 23. h3 Kg7 24. Bb5 Qf5 25. Qxd5 Qb1+ 26. Kh2 Qxb2 27.
Qxe5+ Kh6 28. a4 Rf5 29. Qe3+ Kg7 30. Rf3 Qc2 31. Bd3 Rxf3 32. Qxf3 Qxc3 33.
Qb7+ Kh6 34. Ba6 Qb4 35. Bb5 c4 36. Qe4 Qd6+ 37. Kh1 c3 38. Qe3+ Kh5 39. Be2+
Kh4 40. Qxc3 Qf4 41. Qe1+ Qg3 42. Qb4+ Kg5 43. Qe7+ Kh6 44. Bg4 a5 45. Qf8+ Kg5
46. Qd8+ Kh6 47. Qxb6 Qe1+ 48. Kh2 Qe5+ 49. Kh1 Qe1+ 50. Qg1 Qxg1+ 51. Kxg1 Kg5
52. Kf2 h5 53. Bd7 Kf4 54. g3+ Ke5 55. Kf3 g5 56. g4 hxg4+ 57. hxg4 Kf6 58. Bf5
Ke5 1-0

[Event "Open Loire 2011-2012"]
[Site "LOIRE"]
[Date "2011.12.03"]
[Round "4.16"]
[White "Pogosian, Gor"]
[Black "Boeuf, Jeremy"]
[Result "0-1"]
[WhiteElo "1199"]
[BlackElo "1578"]
[PlyCount "48"]
[EventDate "2011.??.??"]

1. e4 d5 2. exd5 Qxd5 3. Nc3 Qa5 4. a3 e6 5. b4 Bxb4 6. Bb2 Bxc3 7. Bxc3 Qg5 8.
Nf3 Qg6 9. Bd3 Qh6 10. h4 Nf6 11. Nh2 Qxh4 12. g3 Qa4 13. O-O b6 14. Qb1 a6 15.
Bxf6 gxf6 16. Re1 Bb7 17. c3 Qd7 18. Qc2 Nc6 19. Ng4 Ke7 20. Bxh7 Ne5 21. Nxe5
fxe5 22. Rxe5 Rad8 23. Rd1 Qd3 24. Bxd3 Rh1# 0-1

[Event "Open Loire 2011-2012"]
[Site "LOIRE"]
[Date "2011.12.03"]
[Round "4.17"]
[White "Bournez, Gerard"]
[Black "Niceto, Pierrick"]
[Result "1-0"]
[WhiteElo "1420"]
[BlackElo "1199"]
[PlyCount "92"]
[EventDate "2011.??.??"]

1. e4 e5 2. Bc4 Nf6 3. Nc3 Bc5 4. h3 O-O 5. d3 d6 6. Nf3 Nc6 7. a3 Be6 8. Bd5
Nxd5 9. exd5 Bxd5 10. Nxd5 Nd4 11. Be3 Nxf3+ 12. Qxf3 c6 13. Nc3 Re8 14. Bxc5
dxc5 15. O-O Qd4 16. Qe3 Rad8 17. Qxd4 cxd4 18. Ne4 f5 19. Nd2 e4 20. dxe4 fxe4
21. Rad1 e3 22. fxe3 dxe3 23. Nf3 Rxd1 24. Rxd1 e2 25. Re1 b5 26. Kf2 a5 27.
Nd4 c5 28. Nxe2 b4 29. Rd1 bxa3 30. bxa3 Rb8 31. Rd5 c4 32. Rxa5 Rb2 33. Nd4 c3
34. Ke2 Kf7 35. Kd3 Rb1 36. Kxc3 Rg1 37. Rg5 Kf6 38. Rf5+ Kg6 39. Rf2 Ra1 40.
Kb4 h5 41. a4 Rb1+ 42. Nb3 Kh6 43. a5 g5 44. a6 Rb2 45. Kb5 Ra2 46. Kb6 g4 1-0

[Event "Open Loire 2011-2012"]
[Site "LOIRE"]
[Date "2011.12.03"]
[Round "4.18"]
[White "Barrandon, Georges"]
[Black "Sabatier, Baptiste"]
[Result "1-0"]
[WhiteElo "1370"]
[BlackElo "1199"]
[PlyCount "33"]
[EventDate "2011.??.??"]

1. d4 e6 2. Nf3 d5 3. Bf4 Bb4+ 4. c3 Ba5 5. e3 Nf6 6. Qa4+ b5 7. Qxa5 Nc6 8.
Qxb5 Qd7 9. Nbd2 a6 10. Qc5 Rb8 11. Ne5 Qd8 12. Qxc6+ Ke7 13. Qc5+ Ke8 14. Nc6
Qd7 15. Nxb8 Qa4 16. Nc6 Nh5 17. Qe7# 1-0

[Event "Open Loire 2011-2012"]
[Site "LOIRE"]
[Date "2011.12.03"]
[Round "4.19"]
[White "Laffin, Mickael"]
[Black "Poyet, Louis"]
[Result "0-1"]
[WhiteElo "1120"]
[BlackElo "1099"]
[PlyCount "118"]
[EventDate "2011.??.??"]

1. e4 e5 2. Nf3 Nc6 3. Bc4 Bc5 4. O-O Nf6 5. d3 h6 6. a3 O-O 7. Nc3 d6 8. b4
Bd4 9. Nxd4 Nxd4 10. Nd5 Bg4 11. Qd2 Qd7 12. a4 a6 13. h3 Be6 14. Qe3 Nxc2 15.
Qg3 Nxa1 16. Nxf6+ Kh8 17. Nxd7 Bxd7 18. b5 c6 19. Ba3 Nc2 20. Bxd6 Nd4 21.
Bxf8 Ne2+ 22. Kh2 Nxg3 23. Kxg3 Rxf8 24. bxc6 Bxc6 25. Rc1 Bxa4 26. Bd5 b5 27.
Kg4 g6 28. Rc5 b4 29. Kf3 b3 30. Bxb3 Bxb3 31. Rxe5 f6 32. Ra5 Ra8 33. g4 Bc2
34. d4 g5 35. e5 Bd1+ 36. Ke4 Bc2+ 37. Kd5 Rd8+ 38. Kc6 Rxd4 39. Rxa6 Rd3 40.
exf6 Rf3 41. Kd7 Bd3 42. Ke7 Bxa6 43. f7 Kg7 44. h4 Rxf7+ 45. Ke6 gxh4 46. f4
Rxf4 47. Ke5 Rxg4 48. Kf5 Rg1 49. Kf4 Kg6 50. Kf3 Kg5 51. Kf2 Rg4 52. Ke1 Rg2
53. Kd1 Kf4 54. Kc1 Kf3 55. Kd1 Ke3 56. Kc1 Kd3 57. Kb1 Kc3 58. Ka1 Kb3 59. Kb1
Rg1# 0-1

[Event "Open Loire 2011-2012"]
[Site "LOIRE"]
[Date "2012.03.03"]
[Round "5.1"]
[White "Carteron, Olivier"]
[Black "Libiszewski, Christian"]
[Result "1-0"]
[WhiteElo "1680"]
[BlackElo "1590"]
[Annotator "DEVILLE"]
[PlyCount "47"]
[EventDate "2012.??.??"]

1. d4 d5 2. Nf3 Nf6 3. c4 c6 4. Nc3 dxc4 5. a4 Bf5 6. e3 e6 7. Bxc4 Bb4 8. O-O
O-O 9. Qe2 Bxc3 10. bxc3 Nd5 11. Bb2 Bg6 12. e4 Nf6 13. Bd3 Re8 14. Ne5 Nbd7
15. Nc4 Qc7 16. e5 Bxd3 17. Qxd3 Nd5 18. Nd6 Rf8 19. Qg3 f6 20. f4 fxe5 21.
fxe5 c5 22. Qg4 Rxf1+ 23. Rxf1 Nf8 24. Rf7 1-0

[Event "Open Loire 2011-2012"]
[Site "LOIRE"]
[Date "2012.03.03"]
[Round "5.2"]
[White "Schlick, Paul"]
[Black "Jandeau, Cyril"]
[Result "1-0"]
[WhiteElo "1710"]
[BlackElo "1510"]
[PlyCount "99"]
[EventDate "2012.??.??"]

1. d4 b6 2. c4 Bb7 3. Nc3 e6 4. Bf4 Nf6 5. e3 d6 6. h3 Be7 7. Nf3 Nbd7 8. Be2
O-O 9. O-O Ne4 10. Nxe4 Bxe4 11. Bd3 Nf6 12. Bxe4 Nxe4 13. Qd3 f5 14. Nd2 Nf6
15. Bh2 Qe8 16. e4 Nh5 17. exf5 exf5 18. Rfe1 Qf7 19. Re2 Bg5 20. Rae1 Qg6 21.
d5 Bf4 22. g3 Be5 23. b3 Nf4 24. Qf3 Nxe2+ 25. Rxe2 Rae8 26. Qd3 Bf6 27. Re6
Re7 28. Nf3 Rxe6 29. dxe6 Be7 30. Qd5 Qe8 31. Nd4 Qh5 32. Nc6 Qg5 33. g4 fxg4
34. hxg4 Qxg4+ 35. Bg3 Qg5 36. Nxe7+ Qxe7 37. Bh4 Rf6 38. Bxf6 gxf6 39. Kg2 Kf8
40. f4 Qg7+ 41. Kf3 Ke8 42. f5 Qg5 43. Qe4 h5 44. Qf4 Qg1 45. Qg3 Qf1+ 46. Qf2
Qd3+ 47. Kg2 Qe4+ 48. Qf3 Qh4 49. Qg3 Qd4 50. Qg7 1-0

[Event "Open Loire 2011-2012"]
[Site "LOIRE"]
[Date "2012.03.03"]
[Round "5.3"]
[White "Buisine, Roman"]
[Black "Benakila, Samir"]
[Result "0-1"]
[WhiteElo "1651"]
[BlackElo "1570"]
[PlyCount "44"]
[EventDate "2012.??.??"]

1. e4 c5 2. Nf3 d6 3. d4 cxd4 4. Nxd4 Nf6 5. Nc3 g6 6. Be3 Bg7 7. f3 Nc6 8. Bc4
Bd7 9. Qd2 O-O 10. O-O-O Ne5 11. Be2 Rc8 12. g4 Nc4 13. Bxc4 Rxc4 14. h4 b5 15.
Ndxb5 Bxb5 16. Nxb5 Qb8 17. Na3 Nxe4 18. Nxc4 Nxd2 19. Rxd2 Rc8 20. b3 Rxc4 21.
Bxa7 Qb7 22. bxc4 Qb2+ 0-1

[Event "Open Loire 2011-2012"]
[Site "LOIRE"]
[Date "2012.03.03"]
[Round "5.4"]
[White "Sueur, Raphael"]
[Black "Liogier, Pascal"]
[Result "1-0"]
[WhiteElo "1499"]
[BlackElo "1600"]
[PlyCount "81"]
[EventDate "2012.??.??"]

1. e4 c6 2. d4 d5 3. exd5 cxd5 4. Nc3 Bf5 5. Nf3 Nf6 6. Bg5 e6 7. Bd3 Bxd3 8.
Qxd3 a6 9. O-O Be7 10. Ne5 Nbd7 11. Rfe1 Nxe5 12. dxe5 Ng4 13. Bxe7 Qxe7 14.
Qg3 h5 15. Rad1 Rd8 16. Rd4 Nh6 17. Qxg7 Qf8 18. Qxf8+ Kxf8 19. Na4 Nf5 20. Rb4
b5 21. Nc5 Rc8 22. Nxa6 Rxc2 23. Rxb5 Rg8 24. Rb8+ Kg7 25. Rxg8+ Kxg8 26. Rb1
d4 27. Nb4 Re2 28. a4 Rxe5 29. Nc6 Rc5 30. Nb4 e5 31. Nd3 Rd5 32. b4 Nd6 33. a5
Nb5 34. a6 e4 35. Nf4 Rd7 36. Nxh5 d3 37. Nf6+ Kg7 38. Nxd7 Nc3 39. a7 Nxb1 40.
a8=Q d2 41. Qa1+ 1-0

[Event "Open Loire 2011-2012"]
[Site "LOIRE"]
[Date "2012.03.03"]
[Round "5.5"]
[White "Mazet, Christian"]
[Black "Rasle, Corentin"]
[Result "0-1"]
[WhiteElo "1570"]
[BlackElo "1720"]
[PlyCount "80"]
[EventDate "2012.??.??"]

1. d4 Nf6 2. c4 g6 3. Nc3 d5 4. cxd5 Nxd5 5. e4 Nxc3 6. bxc3 Bg7 7. Bc4 c5 8.
Be3 O-O 9. Ne2 cxd4 10. cxd4 Nc6 11. O-O Re8 12. Rc1 a6 13. Qd2 e6 14. Rfd1 Ne7
15. Bh6 b5 16. Bxg7 Kxg7 17. Bb3 Bb7 18. Qf4 Rc8 19. Rxc8 Qxc8 20. Rc1 Qd8 21.
Qe5+ Kg8 22. h4 Nc6 23. Qg5 Nxd4 24. Nxd4 Qxd4 25. h5 Qxe4 26. Rc7 h6 27. Qg3
g5 28. Bc2 Qd5 29. Bb3 Qe4 30. Bc2 Qe1+ 31. Kh2 Be4 32. Bxe4 Qxe4 33. Qc3 Qh4+
34. Kg1 Qxh5 35. Qc6 Rd8 36. Rd7 Rxd7 37. Qxd7 Qg6 38. Qc8+ Kh7 39. Qxa6 Qb1+
40. Kh2 b4 0-1

[Event "Open Loire 2011-2012"]
[Site "LOIRE"]
[Date "2012.03.03"]
[Round "5.6"]
[White "Buisson, Sebastien"]
[Black "Doran, Niall"]
[Result "1/2-1/2"]
[WhiteElo "1520"]
[BlackElo "1691"]
[PlyCount "63"]
[EventDate "2012.??.??"]

1. e4 e6 2. d3 d5 3. Nd2 Nf6 4. Ngf3 Be7 5. g3 O-O 6. Bg2 c6 7. O-O Qc7 8. e5
Nfd7 9. Re1 c5 10. Nf1 Nc6 11. Bf4 b6 12. h4 Qd8 13. Bh3 Bb7 14. N1h2 Re8 15.
Ng5 Nf8 16. Qh5 Bxg5 17. Bxg5 Qc7 18. Nf3 Ng6 19. Bf4 Nb4 20. Re2 d4 21. Ng5 h6
22. Nxe6 Qc6 23. f3 Rxe6 24. Bxe6 Qxe6 25. Kh2 Nxf4 26. gxf4 Kh7 27. f5 Qd5 28.
Rf2 Rg8 29. Rg1 Qxe5+ 30. Rg3 Nd5 31. Qxf7 Bc8 32. Qg6+ 1/2-1/2

[Event "Open Loire 2011-2012"]
[Site "LOIRE"]
[Date "2012.03.03"]
[Round "5.7"]
[White "Frey, Thierry"]
[Black "Pradel, Philippe"]
[Result "0-1"]
[WhiteElo "1831"]
[BlackElo "1499"]
[PlyCount "63"]
[EventDate "2012.??.??"]

1. e4 e6 2. d4 b6 3. c4 Bb7 4. Nc3 Nf6 5. Bd3 Bb4 6. d5 exd5 7. cxd5 O-O 8.
Nge2 d6 9. O-O Nbd7 10. a3 Bxc3 11. Nxc3 Ne5 12. f4 Nxd3 13. Qxd3 Re8 14. Re1
a5 15. Bd2 Ba6 16. Qd4 Rc8 17. b4 c5 18. dxc6 Rxc6 19. b5 Bxb5 20. Nxb5 Nd7 21.
Nxd6 Nc5 22. Bc3 Ne6 23. Qe3 Rxd6 24. Be5 Rd3 25. Qc1 f6 26. Bb2 Nc5 27. Qc4+
Kh8 28. e5 f5 29. e6 Re7 30. Bc3 Rd6 31. Bxa5 bxa5 32. Qxc5 0-1

[Event "Open Loire 2011-2012"]
[Site "LOIRE"]
[Date "2012.03.03"]
[Round "5.8"]
[White "Rasle, Jean-Michel"]
[Black "Volay, Pascal"]
[Result "0-1"]
[WhiteElo "1690"]
[BlackElo "1450"]
[PlyCount "102"]
[EventDate "2012.??.??"]

1. d4 d5 2. c4 e6 3. Nc3 Nf6 4. Bg5 Nbd7 5. e3 Be7 6. Nf3 c6 7. Bd3 dxc4 8.
Bxc4 Nd5 9. Bxe7 Qxe7 10. O-O Nxc3 11. bxc3 O-O 12. e4 b6 13. e5 Bb7 14. Qc2 h6
15. Nd2 f5 16. Bb3 Ba6 17. Rfe1 Rfd8 18. Qxf5 Nf8 19. Ne4 Kh8 20. Qf3 Nh7 21.
Nd6 Bb7 22. Qf7 Rd7 23. Qxe6 Qxe6 24. Bxe6 Re7 25. Bb3 Rf8 26. g3 Ng5 27. Re2
Ba6 28. Rd2 Nf3+ 29. Kg2 Nxd2 30. Bc2 Nc4 31. Ne4 Bb7 32. Rf1 c5 33. f3 Ne3+
34. Kf2 Nxf1 35. Kxf1 Rxf3+ 36. Ke2 Bxe4 37. Bxe4 Rxc3 38. Kd2 cxd4 39. Bd5
Rxe5 40. Bb3 Rce3 41. h4 Rxg3 42. h5 Rg2+ 43. Kd3 Rg4 44. Bf7 Re3+ 45. Kc4 d3+
46. Kc3 Rg2 47. Bb3 d2+ 48. Kb4 Rxb3+ 49. Kxb3 d1=Q+ 50. Ka3 Qd3+ 51. Kb4 Rg4#
0-1

[Event "Open Loire 2011-2012"]
[Site "LOIRE"]
[Date "2012.03.03"]
[Round "5.9"]
[White "Schuhmann, Alain"]
[Black "Joly, Christian"]
[Result "1/2-1/2"]
[WhiteElo "1499"]
[BlackElo "1670"]
[PlyCount "102"]
[EventDate "2012.??.??"]

1. e4 d6 2. f4 Nf6 3. Nc3 c5 4. Nf3 g6 5. Be2 a6 6. O-O b5 7. d3 Bg7 8. Rb1
Nbd7 9. Nd5 Nxd5 10. exd5 Bb7 11. c4 O-O 12. Ng5 Rb8 13. f5 Qe8 14. fxg6 fxg6
15. Ne6 Rxf1+ 16. Qxf1 Bf6 17. b3 Ne5 18. Qf4 Bc8 19. Qh6 Bxe6 20. dxe6 bxc4
21. dxc4 Nc6 22. Bb2 Nd4 23. Bg4 Qf8 24. Qd2 Qg7 25. h3 h6 26. Kh1 Kh7 27. Bxd4
Bxd4 28. Rf1 Rf8 29. Qd3 Rxf1+ 30. Qxf1 Qf6 31. Qd3 Qf2 32. Qb1 Be5 33. Bf3 Qg3
34. Kg1 Bd4+ 35. Kh1 Be5 36. Kg1 Qh2+ 37. Kf1 Bd4 38. Ke2 Qe5+ 39. Qe4 Qxe4+
40. Bxe4 a5 41. h4 Kg7 42. g4 Kf6 43. Bd5 Ke5 44. Kf3 Kf6 45. Ke4 Bc3 46. Kf4
Bd4 47. g5+ Kg7 48. Be4 Be5+ 49. Kg4 h5+ 50. Kh3 Bc3 51. Bc6 Be1 1/2-1/2